000
00247 a2200097 4500
001
55423
100
_a
245
_a
Nanotechnology ; core concepts with application spectrum
260
_a
New Delhi
_b
S T B B
_c
2007
090
_c
34405
_d
34405
942
_a
NUST-CAE
_c
MONOGRAPH
_c
27120
999
_c
290496
_d
290496